Statistics for Robbie Williams songs

Click here to take the quiz!

General Stats

  • This quiz has been taken 138 times
  • The average score is 6 of 15

Answer Stats

HintAnswer% Correct
hell is gone and heaven's herelet me entertain you
89%
I sit and waitangels
84%
me with the floorshowrock dj
80%
my breath smells of a thousand fagsstrong
63%
we got stars directing our fatemillennium
47%
oh it seemed forever stopped todaysupreme
41%
Send someone to love mebetter man
28%
God gave me the sunshinebodies
26%
It takes a certain kinda man with a certain reputationparty like a russian
26%
save me from drowning in the seathe road to mandalay
23%
I wouldn't be so alonei will talk and hollywood will listen
16%
Another dawn, another day, another dollar to be madeshine my shoes
13%
When you’re young you hope to bebe a boy
9%
I used to think about it when I was a little one all alonegospel
8%
You said I was northern scumknutsford city limits
6%

Score Distribution

Percentile by Number Answered

Percent of People with Each Score

Your Score History

You have not taken this quiz